[Event "SRB-chT Men 1st League 2019"]
[Site "Subotica"]
[Date "2019.08.23"]
[Round "1.12"]
[White "Laketic, Gojko"]
[Black "Kumic, Filip"]
[Result "1-0"]
[WhiteElo "2376"]
[BlackElo "2257"]
[Annotator "TA"]
[PlyCount "81"]
[EventDate "2019.08.23"]
[EventType "team-tourn"]
[EventCountry "SRB"]
[SourceTitle "playchess.com"]
[Source "ChessBase"]
[SourceQuality "1"]

{[%evp 24,81,25,23,37,34,34,25,29,27,35,26,52,32,60,64,69,67,102,104,109,100,96,113,89,84,362,384,393,395,392,390,399,409,404,404,427,301,300,293,312,299,343,316,463,458,427,425,609,619,661,658,637,650,650,650,892,497,29990,29990]} 1. Nf3 Nf6 2. g3 g6 3. Bg2 Bg7 4. c4 O-O 5. O-O d6 6. Nc3 Nc6 7. d3 e5 8. Rb1 a5 9. a3 h6 10. b4 axb4 11. axb4 Be6 12. b5 Ne7 13. Qb3 Ne8 {A26: English Opening vs King's Indian with ...Nc6 and d3} (13... Qd7 14. Ba3 Bh3 15. Rfc1 Bxg2 16. Kxg2 Kh7 17. Ra1 Nh5 18. Bb2 f5 19. Rxa8 Rxa8 20. Ra1 Rxa1 21. Bxa1 e4 {½-½ (46) Oparin,G (2613)-Kovalev,V (2683) St Petersburg 2018}) 14. Nd2 c6 15. Ba3 f5 {White has an edge.} 16. Ra1 $146 {[%cal Bb1a1,Ba1a2,Ba2a6][%mdl 32]} ({Predecessor:} 16. bxc6 bxc6 17. Ra1 Qd7 18. Rfb1 Nf6 19. Qb7 {½-½ (34) Bautista Sanchez,J (2250)-Ayza Leon,D (2078) La Pobla de Lillet 2005}) 16... Rf7 17. Ra2 Rb8 18. Rb1 {[#] Hoping for bxc6.} Rc8 19. Bb4 Nf6 20. bxc6 bxc6 21. Ra6 d5 22. cxd5 Nexd5 {With the idea ...Nc7.} 23. Ba5 $36 {[%mdl 2048] White is really pushing.} Qe8 {White should prevent ...Nc7.} 24. Nc4 {[#] Strongly threatening Nd6.} Ra8 $2 {[%mdl 8192]} (24... Bf8 $16 {was called for.}) 25. Nd6 $18 Qf8 26. Rxa8 ({Less strong is} 26. Nxf7 Rxa6 27. Nd8 Bf7 $16) 26... Qxa8 27. Nxf7 Qxa5 28. Nxd5 Nxd5 29. Nd6 Kh7 30. Nc4 Qc5 31. Qc2 Nf6 32. Rb7 Ng4 33. e3 Bd5 (33... Bxc4 $142 34. Qxc4 Qxc4 35. dxc4 e4) 34. h3 Nf6 35. Qc3 Bxg2 (35... Bxc4 $142 36. Qxc4 Qxc4 37. dxc4 e4) 36. Kxg2 Qd5+ 37. Kg1 c5 38. Re7 Ng8 39. Rc7 Kh8 40. Nb6 Qf3 (40... Qd6 $18) 41. Qb3 {Accuracy: White = 62%, Black = 27%.} 1-0

[Event "SRB-chT Men 1st League 2019"]
[Site "Subotica"]
[Date "2019.08.23"]
[Round "2.1"]
[White "Indjic, Aleksandar"]
[Black "Sedlak, Nikola"]
[Result "1/2-1/2"]
[WhiteElo "2617"]
[BlackElo "2590"]
[Annotator "TA"]
[PlyCount "81"]
[EventDate "2019.08.23"]
[EventType "team-tourn"]
[EventCountry "SRB"]
[SourceTitle "playchess.com"]
[Source "ChessBase"]
[SourceQuality "1"]

{[%evp 9,81,28,18,16,23,17,10,13,37,0,0,3,4,0,0,0,0,0,14,12,18,19,15,4,0,5,2,0,0,0,0,0,0,0,11,6,12,11,4,4,13,4,10,0,6,0,10,0,0,0,0,0,0,0,0,0,0,0,0,0,0,0,0,0,0,0,0,0,0,0,0,0,0,0]} 1. Nf3 d5 2. e3 c6 3. c4 Nf6 4. Nc3 Bf5 5. Qb3 (5. cxd5 cxd5 6. Qb3 Bc8 7. d4 Nc6 8. Bd3 e6 9. O-O Be7 10. Bd2 O-O 11. Rac1 Rb8 12. Qd1 Bd7 13. Ne5 Nxe5 14. dxe5 {0-1 (57) Wojtaszek,R (2736)-Vykouk,J (2435) Katowice 2017}) 5... Qb6 6. Qxb6 {A11: English Opening: 1...c6} axb6 7. cxd5 Nxd5 8. Nxd5 cxd5 9. Bb5+ Bd7 {The position is equal.} 10. Bxd7+ Nxd7 11. d4 e6 12. Ke2 Bd6 13. Bd2 Ke7 14. Rhc1 Rhc8 $146 ({Predecessor:} 14... b5 15. a3 {0-1 (32) Meyer,S (1748)-Lotzien,H (2152) Gelsenkirchen 2013}) 15. Rxc8 Rxc8 16. Ne1 Nb8 (16... Bxh2 $6 17. g3 $16) 17. Nd3 Nc6 18. Rc1 Ra8 19. a3 f6 20. Rc3 Kd7 21. Rb3 Kc7 22. Bb4 Nxb4 23. Nxb4 Bxb4 ({Of course not} 23... Bxh2 $6 24. Rc3+ Kd7 25. g3 $16) 24. Rxb4 $11 {[%mdl 4096] Endgame KR-KR} g5 25. Rb3 h5 26. f3 f5 27. Rc3+ Kd6 28. e4 fxe4 29. fxe4 dxe4 30. Rb3 Kc6 31. Ke3 Rf8 32. Rc3+ Kd6 33. Rb3 Kc6 34. a4 Rf4 35. h3 Rh4 36. Rc3+ Kd6 37. Rb3 Kc6 38. Kf2 Rf4+ 39. Ke2 Rh4 40. Kf2 Rf4+ 41. Ke2 {Accuracy: White = 75%, Black = 81%.} 1/2-1/2

[Event "SRB-chT Men 1st League 2019"]
[Site "Subotica"]
[Date "2019.08.23"]
[Round "2.2"]
[White "Berkes, Ferenc"]
[Black "Ivic, Velimir"]
[Result "1-0"]
[WhiteElo "2666"]
[BlackElo "2511"]
[Annotator "TA"]
[PlyCount "63"]
[EventDate "2019.08.23"]
[EventType "team-tourn"]
[EventCountry "SRB"]
[SourceTitle "playchess.com"]
[Source "ChessBase"]
[SourceQuality "1"]

{[%evp 15,63,17,9,0,0,0,0,0,0,0,0,0,0,0,0,0,0,0,0,0,0,0,0,0,48,44,64,62,143,156,194,184,186,171,423,433,640,636,691,594,29972,29973,29973,29974,29974,29974,29972,1416,29968,6195]} 1. d4 Nf6 2. c4 g6 3. Nc3 d5 4. cxd5 Nxd5 5. e4 Nxc3 6. bxc3 Bg7 7. Nf3 c5 8. Be3 Qa5 9. Nd2 {D85: Exchange Grünfeld: Unusual White 7th moves and lines with 7 Nf3} O-O 10. Be2 b6 11. O-O {The position is equal.} Ba6 12. Rc1 Qxa2 13. Ra1 Bxe2 14. Qxe2 Qe6 $1 15. d5 Qc8 16. Ra3 {[#]} e6 $146 ({Predecessor:} 16... Nd7) 17. Nc4 $1 $36 {[%cal Rc4b6][%mdl 2048] Black must now prevent Nxb6! Black is under pressure.} Nd7 18. dxe6 fxe6 19. f4 $1 g5 20. e5 Qc6 21. Raa1 $1 gxf4 (21... Qe4 $14 22. Nd6 Qg6) 22. Bxf4 $16 b5 {[#]} 23. Nd6 $1 {[%mdl 1024] White has strong compensation.} c4 {[#] aiming for ...Nxe5!} 24. Qg4 $1 {[%cal Rg4e6]} Nc5 $2 (24... Kh8) 25. h4 $18 ({Less strong is} 25. Bh6 Qd7 $16) 25... h5 (25... Kh8 $142 26. Be3 a6) 26. Qg6 Nd3 {[#]} 27. Bh6 $1 {[%csl Gh6][%cal Rg6g7][%mdl 512]} Qc5+ {[#]} 28. Kh1 $1 {[%csl Gh6][%cal Rg6g7][%mdl 512]} Qc7 29. Qxe6+ Kh7 30. Nf7 Rae8 31. Ng5+ Kh8 32. Qg6 {Accuracy: White = 90%, Black = 50%.} 1-0

[Event "SRB-chT Men 1st League 2019"]
[Site "Subotica"]
[Date "2019.08.23"]
[Round "2.3"]
[White "Popov, Ivan"]
[Black "Popovic, Dusan"]
[Result "1/2-1/2"]
[WhiteElo "2604"]
[BlackElo "2481"]
[Annotator "TA"]
[PlyCount "74"]
[EventDate "2019.08.23"]
[EventType "team-tourn"]
[EventCountry "SRB"]
[SourceTitle "playchess.com"]
[Source "ChessBase"]
[SourceQuality "1"]

{[%evp 9,74,43,57,14,14,20,14,14,27,37,33,35,60,27,43,30,59,17,18,17,25,10,10,10,12,11,14,14,15,14,30,33,31,17,28,0,33,0,30,22,30,7,10,6,6,15,20,0,45,0,2,0,0,0,16,0,19,35,29,29,41,-79,-79,-174,-88,-137,-60]} 1. e4 g6 2. d4 Bg7 3. Nf3 d6 4. Bc4 Nc6 5. O-O Nf6 6. Qe2 {B06: Modern Defence} Bg4 7. c3 e5 8. Rd1 {The position is equal.} Qe7 (8... O-O 9. h3 Bxf3 10. Qxf3 Nd7 11. Qe3 Kh8 12. dxe5 Ncxe5 13. Bf1 f5 {1-0 (60) Bacrot,E (2677)-Adhiban,B (2682) Zagreb 2018}) 9. d5 Nb8 10. h3 Bc8 11. a4 $146 ({Predecessor:} 11. Bb5+ Nbd7 12. c4 O-O 13. b4 Nh5 14. Nc3 {0-1 (62) Fomina,T (2233)-Paehtz,E (2455) Tallinn 2009}) 11... O-O 12. a5 Nh5 13. Bd3 Nf4 14. Bxf4 exf4 15. Qd2 Qf6 16. Na3 a6 17. Nc4 Nd7 18. Re1 Re8 19. Bc2 b5 20. axb6 $1 cxb6 21. Qd4 {Black must now prevent Qxf6.} Qe7 22. Qd2 Qf6 23. Qd4 {Threatens to win with Qxf6.} Qe7 24. Qd1 Qf6 25. Nd4 b5 26. Na5 Ne5 27. Nac6 Bd7 28. Nxe5 Qxe5 29. Bd3 Qg5 30. Qf3 h5 31. Ra5 b4 32. Rxa6 Rxa6 33. Bxa6 bxc3 34. bxc3 Ra8 35. Bb7 (35. Bf1 $14 {stays ahead.}) 35... Ra3 $17 {Strongly threatening ...Bxd4.} 36. Ne2 (36. e5 $17 {keeps fighting.} Bxe5 37. Qd3) 36... Bb5 (36... Be5 $1 $19 37. Bc6 Bg4 $1 {[%mdl 512]} 38. hxg4 hxg4) 37. Qxf4 {[#]} Qxf4 {Accuracy: White = 27%, Black = 61%.} (37... Qe7 $1 $17 38. Qc1 Ra2) 1/2-1/2

[Event "SRB-chT Men 1st League 2019"]
[Site "Subotica"]
[Date "2019.08.23"]
[Round "2.4"]
[White "Cabarkapa, Novak"]
[Black "Stojanovic, Mihajlo"]
[Result "1/2-1/2"]
[WhiteElo "2434"]
[BlackElo "2475"]
[Annotator "ChessBase"]
[PlyCount "68"]
[EventDate "2019.08.23"]
[EventType "team-tourn"]
[EventCountry "SRB"]
[SourceTitle "playchess.com"]
[Source "ChessBase"]
[SourceQuality "1"]
[TimeControl "40/5400+30:1800+30"]

1. e4 {[%emt 0:00:00]} e6 {[%emt 0:00:00]} 2. d4 {[%emt 0:00:13]} d5 {[%emt 0:00:00]} 3. Nc3 {[%emt 0:00:06]} Nf6 {[%emt 0:00:00]} 4. e5 {[%emt 0:00:06]} Nfd7 {[%emt 0:00:00]} 5. f4 {[%emt 0:00:06]} c5 {[%emt 0:00:04]} 6. Nf3 {[%emt 0:00:03]} Nc6 {[%emt 0:00:07]} 7. Be3 {[%emt 0:00:06]} a6 {[%emt 0:00:06]} 8. Qd2 {[%emt 0:03:12]} b5 {[%emt 0:00:12]} 9. h4 {[%emt 0:04:47]} Bb7 {[%emt 0:36:07]} 10. h5 {[%emt 0:08:33]} b4 {[%emt 0:10:26]} 11. Ne2 {[%emt 0:01:48]} Qc7 {[%emt 0:09:17]} 12. Ng3 {[%emt 0:10:07]} Be7 {[%emt 0:03:45]} 13. Be2 {[%emt 0:12:12]} Rc8 {[%emt 0:04:18]} 14. Kf2 {[%emt 0:10:48]} cxd4 {[%emt 0:01:37]} 15. Nxd4 {[%emt 0:00:15]} Nxd4 {[%emt 0:02:12]} 16. Bxd4 {[%emt 0:00:11]} Qxc2 {[%emt 0:03:07]} 17. Qxc2 {[%emt 0:01:29]} Rxc2 {[%emt 0:00:03]} 18. Rac1 {[%emt 0:01:35]} Rxc1 {[%emt 0:04:08]} 19. Rxc1 {[%emt 0:00:05]} Kd8 {[%emt 0:00:35]} 20. Bg4 {[%emt 0:06:14]} Re8 {[%emt 0:05:34]} 21. Ne2 {[%emt 0:03:43]} Bf8 {[%emt 0:06:40]} 22. Ba7 {[%emt 0:01:47]} f5 {[%emt 0:11:12]} 23. Bf3 {[%emt 0:07:36]} Ke7 {[%emt 0:00:02]} 24. Rc7 {[%emt 0:00:39]} Bc8 {[%emt 0:00:02]} 25. Nd4 {[%emt 0:01:37]} Kf7 {[%emt 0:00:09]} 26. Bd1 {[%emt 0:05:22]} Be7 {[%emt 0:02:13]} 27. Ba4 {[%emt 0:08:00]} Rd8 {[%emt 0:00:04]} 28. Nc6 {[%emt 0:02:59]} Rg8 {[%emt 0:00:44]} 29. Na5 {[%emt 0:05:36]} Bd8 {[%emt 0:00:56]} 30. Rxc8 {[%emt 0:00:36]} Bh4+ {[%emt 0:00:02]} 31. g3 {[%emt 0:01:51]} Rxc8 {[%emt 0:00:03]} 32. gxh4 {[%emt 0:00:36]} Nc5 {[%emt 0:00:43]} 33. Bxc5 {[%emt 0:01:08]} Rxc5 {[%emt 0:00:02]} 34. Nb7 {[%emt 0:00:49]} Rc1 {[%emt 0:01:22]} 1/2-1/2

[Event "SRB-chT Men 1st League 2019"]
[Site "Subotica"]
[Date "2019.08.23"]
[Round "2.5"]
[White "Vucinic, Gojko"]
[Black "Lukovic, Vladimir"]
[Result "0-1"]
[WhiteElo "2396"]
[BlackElo "2420"]
[Annotator "NA"]
[PlyCount "78"]
[EventDate "2019.08.23"]
[EventType "team-tourn"]
[EventCountry "SRB"]
[SourceTitle "playchess.com"]
[Source "ChessBase"]
[SourceQuality "1"]
[TimeControl "40/5400+30:1800+30"]

1. e4 {[%emt 1:30:30]} e6 {[%emt 1:30:30]} 2. d4 {[%emt 0:00:30]} d5 {[%emt 0:00:30]} 3. Nc3 {[%emt 0:00:30]} Bb4 {[%emt 0:00:30]} 4. e5 {[%emt 0:00:30]} c5 {[%emt 0:00:30]} 5. a3 {[%emt 0:00:30]} Bxc3+ {[%emt 0:00:30]} 6. bxc3 {[%emt 0:00:30]} Qa5 {[%emt 0:00:30]} 7. Bd2 {[%emt 0:00:30]} Qa4 {[%emt 0:00:30]} 8. Qb1 {[%emt 0:00:30]} c4 {[%emt 0:00:30]} 9. h4 {[%emt 0:00:30]} Nc6 {[%emt 0:00:30]} 10. h5 {[%emt 0:00:30]} h6 {[%emt 0:00:30]} 11. Nf3 {[%emt 0:00:30]} Nge7 {[%emt 0:00:30]} 12. g3 {[%emt 0:00:30]} Bd7 {[%emt 0:00:30]} 13. Bf4 {[%emt 0:00:30]} O-O-O {[%emt 0:00:30]} 14. Kd2 {[%emt 0:00:30]} Kb8 {[%emt 0:00:30]} 15. Bh3 {[%emt 0:00:30]} Nc8 {[%emt 0:00:30]} 16. Qe1 {[%emt 0:00:30]} Nb6 {[%emt 0:00:30]} 17. Qe3 {[%emt 0:00:30]} Qa5 {[%emt 0:00:30]} 18. g4 {[%emt 0:00:30]} Na4 {[%emt 0:00:30]} 19. g5 {[%emt 0:00:30]} hxg5 {[%emt 0:00:30]} 20. Bxg5 {[%emt 0:00:30]} Rdf8 {[%emt 0:00:30]} 21. Bf1 {[%emt 0:00:30]} f5 {[%emt 0:00:30]} 22. Rh4 {[%emt 0:00:30]} Be8 {[%emt 0:00:30]} 23. h6 {[%emt 0:00:30]} gxh6 {[%emt 0:00:30]} 24. Bf6 {[%emt 0:00:30]} Rhg8 {[%emt 0:00:30]} 25. Be2 {[%emt 0:00:30]} Bh5 {[%emt 0:00:30]} 26. Ng1 {[%emt 0:00:30]} Rxg1 {[%emt 0:00:30]} 27. Rxg1 {[%emt 0:00:30]} Bxe2 {[%emt 0:00:30]} 28. Kxe2 {[%emt 0:00:30]} Nxc3+ {[%emt 0:00:30]} 29. Kf3 {[%emt 0:00:30]} Qxa3 {[%emt 0:00:30]} 30. Rg7 {[%emt 0:00:30]} Qb2 {[%emt 0:00:30]} 31. Rxh6 {[%emt 0:00:30]} Qxc2 {[%emt 0:00:30]} 32. Rhh7 {[%emt 0:00:30]} b6 {[%emt 0:00:30]} 33. Qh6 {[%emt 0:00:30]} Rc8 {[%emt 0:00:30]} 34. Rb7+ {[%emt 0:00:30]} Ka8 {[%emt 0:00:30]} 35. Rbc7 {[%emt 0:00:30]} Rxc7 {[%emt 0:00:30]} 36. Rxc7 {[%emt 0:00:30]} Nxd4+ {[%emt 0:00:30]} 37. Kg2 {[%emt 0:00:30]} Qe4+ {[%emt 0:00:30]} 38. Kh2 {[%emt 0:00:30]} Nf3+ {[%emt 0:00:30]} 39. Kh1 {[%emt 0:00:30]} Nh4+ {[%emt 0:00:30]} 0-1

[Event "SRB-chT Men 1st League 2019"]
[Site "Subotica"]
[Date "2019.08.23"]
[Round "2.6"]
[White "Zegarac, Vuk"]
[Black "Damjanovic, Vuk"]
[Result "1-0"]
[WhiteElo "2310"]
[BlackElo "2246"]
[Annotator "NA"]
[PlyCount "86"]
[EventDate "2019.08.23"]
[EventType "team-tourn"]
[EventCountry "SRB"]
[SourceTitle "playchess.com"]
[Source "ChessBase"]
[SourceQuality "1"]
[TimeControl "40/5400+30:1800+30"]

1. d4 {[%emt 0:01:35]} d5 {[%emt 0:00:00]} 2. Bf4 {[%emt 0:00:13]} c5 {[%emt 0:00:23]} 3. e3 {[%emt 0:00:14]} Nc6 {[%emt 0:01:08]} 4. c3 {[%emt 0:00:12]} Nf6 {[%emt 0:01:14]} 5. Nd2 {[%emt 0:00:30]} cxd4 {[%emt 0:01:04]} 6. exd4 {[%emt 0:00:13]} Bf5 {[%emt 0:00:22]} 7. Ngf3 {[%emt 0:00:22]} e6 {[%emt 0:00:13]} 8. Qb3 {[%emt 0:00:13]} Qc8 {[%emt 0:00:09]} 9. Nh4 {[%emt 0:00:21]} Be4 {[%emt 0:00:11]} 10. Nxe4 {[%emt 0:00:50]} Nxe4 {[%emt 0:00:05]} 11. Bd3 {[%emt 0:01:25]} Bd6 {[%emt 0:00:40]} 12. Bxd6 {[%emt 0:00:34]} Nxd6 {[%emt 0:00:21]} 13. Nf3 {[%emt 0:00:06]} O-O {[%emt 0:05:02]} 14. O-O {[%emt 0:00:27]} b5 {[%emt 0:09:48]} 15. a4 {[%emt 0:06:14]} bxa4 {[%emt 0:08:53]} 16. Rxa4 {[%emt 0:01:53]} Qc7 {[%emt 0:11:26]} 17. Rfa1 {[%emt 0:03:57]} f5 {[%emt 0:12:46]} 18. Ra6 {[%emt 0:05:31]} Nb8 {[%emt 0:04:58]} 19. R6a3 {[%emt 0:07:31]} Nc6 {[%emt 0:00:50]} 20. Qd1 {[%emt 0:03:07]} Kh8 {[%emt 0:10:08]} 21. Qe2 {[%emt 0:02:05]} Ne4 {[%emt 0:02:04]} 22. Bb5 {[%emt 0:01:58]} Nd8 {[%emt 0:13:55]} 23. Ne5 {[%emt 0:01:46]} Nf7 {[%emt 0:00:01]} 24. Nd3 {[%emt 0:04:56]} Nfd6 {[%emt 0:01:44]} 25. Ba6 {[%emt 0:00:12]} Rfe8 {[%emt 0:01:36]} 26. f3 {[%emt 0:01:34]} Ng5 {[%emt 0:01:50]} 27. Nb4 {[%emt 0:07:29]} Ngf7 {[%emt 0:01:22]} 28. Bd3 {[%emt 0:04:49]} Qb7 {[%emt 0:03:46]} 29. Qf2 {[%emt 0:02:04]} e5 {[%emt 0:03:29]} 30. Ba6 {[%emt 0:02:00]} Qd7 {[%emt 0:03:29]} 31. Nxd5 {[%emt 0:02:20]} e4 {[%emt 0:00:11]} 32. f4 {[%emt 0:01:04]} Qc6 {[%emt 0:01:53]} 33. Ne3 {[%emt 0:00:21]} Qb6 {[%emt 0:00:43]} 34. Bf1 {[%emt 0:00:46]} a5 {[%emt 0:00:03]} 35. b4 {[%emt 0:01:34]} a4 {[%emt 0:00:38]} 36. Rxa4 {[%emt 0:03:14]} Rxa4 {[%emt 0:00:06]} 37. Rxa4 {[%emt 0:00:02]} Qc6 {[%emt 0:00:00]} 38. Ra3 {[%emt 0:00:31]} Rb8 {[%emt 0:00:25]} 39. Qa2 {[%emt 0:01:00]} g5 {[%emt 0:00:29]} 40. Qe6 {[%emt 0:00:00]} Qc8 {[%emt 0:00:00]} 41. Qf6+ {[%emt 0:01:21]} Kg8 {[%emt 0:01:55]} 42. fxg5 {[%emt 0:00:56]} f4 {[%emt 0:00:39]} 43. Qxf4 {[%emt 0:01:09]} Qe6 {[%emt 0:00:08]} 1-0

[Event "SRB-chT Men 1st League 2019"]
[Site "Subotica"]
[Date "2019.08.23"]
[Round "2.7"]
[White "Predojevic, Borki"]
[Black "Ponkratov, Pavel"]
[Result "1/2-1/2"]
[WhiteElo "2618"]
[BlackElo "2638"]
[Annotator "TA"]
[PlyCount "29"]
[EventDate "2019.08.23"]
[EventType "team-tourn"]
[EventCountry "SRB"]
[SourceTitle "playchess.com"]
[Source "ChessBase"]
[SourceQuality "1"]

{[%evp 10,29,24,17,33,37,36,27,54,50,68,72,59,60,50,52,97,61,60,67,60,56]} 1. e4 c5 2. Nf3 Nc6 3. Bb5 g6 4. Bxc6 dxc6 5. d3 Bg7 6. O-O b6 {B31: Sicilian: 2...Nc6 3 Bb5 g6} (6... Qc7 7. Re1 e5 8. a3 Nf6 9. b4 O-O 10. Nbd2 Bg4 11. h3 Bxf3 12. Nxf3 cxb4 13. axb4 a5 14. bxa5 Rxa5 15. Bd2 Raa8 {½-½ (49) Caruana,F (2832)-Carlsen,M (2835) London 2018}) 7. h3 e5 8. a3 {[%cal Ba2a3,Ba3b4][%mdl 32]} Ne7 {White has an edge.} 9. b4 cxb4 10. axb4 O-O 11. Bb2 Qd6 $146 ({Predecessor:} 11... Qc7 12. Nbd2 Be6 13. Ra3 c5 14. b5 {1-0 (41) Asrian,K (2621)-Petrosian,T (2606) Yerevan 2008}) 12. Nbd2 Be6 13. Ng5 Bd7 14. Nc4 Qc7 15. Nf3 1/2-1/2

[Event "SRB-chT Men 1st League 2019"]
[Site "Subotica"]
[Date "2019.08.23"]
[Round "2.8"]
[White "Pap, Misa"]
[Black "Nenezic, Marko"]
[Result "0-1"]
[WhiteElo "2454"]
[BlackElo "2522"]
[Annotator "ChessBase"]
[PlyCount "96"]
[EventDate "2019.08.23"]
[EventType "team-tourn"]
[EventCountry "SRB"]
[SourceTitle "playchess.com"]
[Source "ChessBase"]
[SourceQuality "1"]
[TimeControl "40/5400+30:1800+30"]

1. e4 {[%emt 1:30:30]} c5 {[%emt 1:30:30]} 2. c3 {[%emt 0:00:30]} d5 {[%emt 0:00:30]} 3. exd5 {[%emt 0:00:30]} Qxd5 {[%emt 0:00:30]} 4. Nf3 {[%emt 0:00:30]} Nf6 {[%emt 0:00:30]} 5. Na3 {[%emt 0:00:30]} Nc6 {[%emt 0:00:30]} 6. Bc4 {[%emt 0:00:30]} Qd8 {[%emt 0:00:30]} 7. O-O {[%emt 0:00:30]} e6 {[%emt 0:00:30]} 8. Nc2 {[%emt 0:00:30]} a6 {[%emt 0:00:30]} 9. Re1 {[%emt 0:00:30]} b5 {[%emt 0:00:30]} 10. Bf1 {[%emt 0:00:30]} Be7 {[%emt 0:00:30]} 11. d4 {[%emt 0:00:30]} Bb7 {[%emt 0:00:30]} 12. Bg5 {[%emt 0:00:30]} cxd4 {[%emt 0:00:30]} 13. Ncxd4 {[%emt 0:00:30]} Nxd4 {[%emt 0:00:30]} 14. Nxd4 {[%emt 0:00:30]} O-O {[%emt 0:00:30]} 15. a4 {[%emt 0:00:30]} b4 {[%emt 0:00:30]} 16. c4 {[%emt 0:00:30]} Qa5 {[%emt 0:00:30]} 17. Qc1 {[%emt 0:00:30]} Rfd8 {[%emt 0:00:30]} 18. Nb3 {[%emt 0:00:30]} Qf5 {[%emt 0:00:30]} 19. Bf4 {[%emt 0:00:30]} Ne4 {[%emt 0:00:30]} 20. f3 {[%emt 0:00:30]} Nc5 {[%emt 0:00:30]} 21. Nxc5 {[%emt 0:00:30]} Bxc5+ {[%emt 0:00:30]} 22. Be3 {[%emt 0:00:30]} Bd6 {[%emt 0:00:30]} 23. Bf2 {[%emt 0:00:30]} Rac8 {[%emt 0:00:30]} 24. b3 {[%emt 0:00:30]} Qh5 {[%emt 0:00:30]} 25. Bg3 {[%emt 0:00:30]} Bc5+ {[%emt 0:00:30]} 26. Kh1 {[%emt 0:00:30]} Bd4 {[%emt 0:00:30]} 27. Ra2 {[%emt 0:00:30]} Bc3 {[%emt 0:00:30]} 28. Re3 {[%emt 0:00:30]} Rd7 {[%emt 0:00:30]} 29. Be2 {[%emt 0:00:30]} Rcd8 {[%emt 0:00:30]} 30. Rxc3 {[%emt 0:00:30]} bxc3 {[%emt 0:00:30]} 31. Qxc3 {[%emt 0:00:30]} Qf5 {[%emt 0:00:30]} 32. Qe1 {[%emt 0:00:30]} e5 {[%emt 0:00:30]} 33. h3 {[%emt 0:00:30]} e4 {[%emt 0:00:30]} 34. fxe4 {[%emt 0:00:30]} Qxe4 {[%emt 0:00:30]} 35. Qf1 {[%emt 0:00:30]} Qe3 {[%emt 0:00:30]} 36. Kh2 {[%emt 0:00:30]} Qxb3 {[%emt 0:00:30]} 37. Ra1 {[%emt 0:00:30]} Rd2 {[%emt 0:00:30]} 38. Bf4 {[%emt 0:00:30]} Ra2 {[%emt 0:00:30]} 39. Rb1 {[%emt 0:00:30]} Rb2 {[%emt 0:00:30]} 40. Rxb2 {[%emt 0:00:30]} Qxb2 {[%emt 0:00:30]} 41. c5 {[%emt 0:30:30]} Qf6 {[%emt 0:30:30]} 42. Qc1 {[%emt 0:00:30]} h6 {[%emt 0:00:30]} 43. Bg3 {[%emt 0:00:30]} Qe6 {[%emt 0:00:30]} 44. Qb2 {[%emt 0:00:30]} Bc6 {[%emt 0:00:30]} 45. Bxa6 {[%emt 0:00:30]} Bxg2 {[%emt 0:00:30]} 46. Qb6 {[%emt 0:00:30]} Qxh3+ {[%emt 0:00:30]} 47. Kg1 {[%emt 0:00:30]} Rd2 {[%emt 0:00:30]} 48. Qb8+ {[%emt 0:00:30]} Kh7 {[%emt 0:00:30]} 0-1

[Event "SRB-chT Men 1st League 2019"]
[Site "Subotica"]
[Date "2019.08.23"]
[Round "2.9"]
[White "Radovanovic, Mihajlo"]
[Black "Lajthajm, Borko"]
[Result "1-0"]
[WhiteElo "2496"]
[BlackElo "2414"]
[Annotator "ChessBase"]
[PlyCount "55"]
[EventDate "2019.08.23"]
[EventType "team-tourn"]
[EventCountry "SRB"]
[SourceTitle "playchess.com"]
[Source "ChessBase"]
[SourceQuality "1"]
[TimeControl "40/5400+30:1800+30"]

1. Nf3 {[%emt 0:00:00]} d5 {[%emt 0:00:00]} 2. c4 {[%emt 0:00:00]} c6 {[%emt 0:00:00]} 3. d4 {[%emt 0:00:21]} Nf6 {[%emt 0:00:01]} 4. Nc3 {[%emt 0:00:26]} e6 {[%emt 0:01:44]} 5. e3 {[%emt 0:00:24]} Nbd7 {[%emt 0:00:16]} 6. Qc2 {[%emt 0:00:33]} Bd6 {[%emt 0:00:29]} 7. Bd3 {[%emt 0:00:06]} O-O {[%emt 0:01:12]} 8. O-O {[%emt 0:00:25]} dxc4 {[%emt 0:00:34]} 9. Bxc4 {[%emt 0:00:05]} e5 {[%emt 0:00:19]} 10. Bb3 {[%emt 0:02:09]} Qe7 {[%emt 0:03:18]} 11. h3 {[%emt 0:02:25]} a5 {[%emt 0:04:21]} 12. a3 {[%emt 0:02:47]} Bb8 {[%emt 0:03:29]} 13. Bd2 {[%emt 0:05:41]} Nb6 {[%emt 0:10:46]} 14. dxe5 {[%emt 0:08:58]} Bxe5 {[%emt 0:02:34]} 15. Nxe5 {[%emt 0:01:04]} Qxe5 {[%emt 0:00:06]} 16. f4 {[%emt 0:04:26]} Qc5 {[%emt 0:00:54]} 17. Nd5 {[%emt 0:05:42]} Qxc2 {[%emt 0:05:39]} 18. Nxf6+ {[%emt 0:00:15]} gxf6 {[%emt 0:00:09]} 19. Bxc2 {[%emt 0:00:05]} Nc4 {[%emt 0:01:18]} 20. Bc3 {[%emt 0:15:57]} Re8 {[%emt 0:02:50]} 21. Rae1 {[%emt 0:16:42]} Rxe3 {[%emt 0:08:25]} 22. f5 {[%emt 0:01:44]} Kg7 {[%emt 0:05:35]} 23. Bb3 {[%emt 0:04:28]} Rxc3 {[%emt 0:30:05]} 24. bxc3 {[%emt 0:00:10]} Nd2 {[%emt 0:00:04]} 25. Rf4 {[%emt 0:00:52]} Nxb3 {[%emt 0:00:34]} 26. Re8 {[%emt 0:00:44]} b5 {[%emt 0:05:41]} 27. Rg4+ {[%emt 0:00:18]} Kh6 {[%emt 0:00:10]} 28. Reg8 {[%emt 0:00:14]} 1-0